[Event "Curitiba IEP&Copel op"]
[Site "Curitiba"]
[Date "2017.05.14"]
[Round "5"]
[White "Quintiliano Pinto, Renato Rodrigues"]
[Black "Cubas, Jose Fernando"]
[Result "1/2-1/2"]
[WhiteElo "2494"]
[BlackElo "2468"]
[PlyCount "98"]
[EventDate "2017.05.12"]
[EventType "swiss"]
[EventRounds "6"]
[EventCountry "BRA"]
[SourceTitle "CBM 178 Extra"]
[Source "ChessBase"]
[SourceDate "2017.06.22"]
[SourceVersion "1"]
[SourceVersionDate "2017.06.22"]
[SourceQuality "1"]

1. d4 d5 2. c4 c6 3. Nc3 Nf6 4. e3 e6 5. Nf3 Nbd7 6. Qc2 Bd6 7. Be2 O-O 8. O-O
dxc4 9. Bxc4 b5 10. Bd3 Bb7 11. Ng5 h6 12. Nge4 Be7 13. Rd1 Rc8 14. a3 a5 15.
Nc5 Nxc5 16. dxc5 Qc7 17. b4 Rcd8 18. h3 Bc8 19. Ne2 e5 20. Ng3 Be6 21. e4 a4
22. Qe2 Rd7 23. Bb2 Rfd8 24. Bc2 Bf8 25. Nf5 Ne8 26. Rxd7 Rxd7 27. Qe3 Kh7 28.
Qg3 f6 29. Ne3 g6 30. Qf3 Rd8 31. Rd1 Rxd1+ 32. Qxd1 h5 33. Bc1 Qd7 34. Qxd7+
Bxd7 35. Nd1 Nc7 36. Nc3 Be6 37. Bd3 Bh6 38. Be3 Kg7 39. Ne2 Bxe3 40. fxe3 h4
41. Kf2 Kh6 42. Ng1 Bc4 43. Bc2 Na6 44. Nf3 Nxb4 45. axb4 a3 46. Bb1 Kh5 47.
Nd2 a2 48. Bxa2 Bxa2 49. Kf3 Be6 1/2-1/2

[Event "Cordeiropolis Levy Cup 3rd"]
[Site "Cordeiropolis"]
[Date "2017.06.02"]
[Round "1"]
[White "Cubas, Jose Fernando"]
[Black "Reinaldo Dos Santos, Julio"]
[Result "1-0"]
[WhiteElo "2471"]
[BlackElo "1946"]
[PlyCount "69"]
[EventDate "2017.06.02"]
[EventType "swiss"]
[EventRounds "6"]
[EventCountry "BRA"]
[SourceTitle "CBM 178 Extra"]
[Source "ChessBase"]
[SourceDate "2017.06.22"]
[SourceVersion "1"]
[SourceVersionDate "2017.06.22"]
[SourceQuality "1"]

1. Nf3 g6 2. e4 d6 3. d4 Nf6 4. Nc3 Bg7 5. h3 a6 6. a4 O-O 7. Be3 d5 8. e5 Ne4
9. Bd3 Bf5 10. Qc1 c5 11. dxc5 Nxc3 12. bxc3 e6 13. O-O Nd7 14. Bxf5 exf5 15.
Rb1 Rb8 16. Rd1 Nxe5 17. Nxe5 Bxe5 18. c4 d4 19. c3 d3 20. Qd2 Qa5 21. Bd4 Rfe8
22. Qxd3 Qxa4 23. Rb4 Qc6 24. Rb6 Qc7 25. Rdb1 Red8 26. Qe3 Re8 27. Qf3 Bg7 28.
g3 Red8 29. Rxb7 Rxb7 30. Rxb7 Qa5 31. c6 Bxd4 32. cxd4 Qa1+ 33. Kg2 Qxd4 34.
c7 Rf8 35. Qd5 1-0

[Event "Cordeiropolis Levy Cup 3rd"]
[Site "Cordeiropolis"]
[Date "2017.06.02"]
[Round "2"]
[White "Felix Simoes, Rodrigo"]
[Black "Cubas, Jose Fernando"]
[Result "0-1"]
[WhiteElo "2054"]
[BlackElo "2471"]
[PlyCount "74"]
[EventDate "2017.06.02"]
[EventType "swiss"]
[EventRounds "6"]
[EventCountry "BRA"]
[SourceTitle "CBM 178 Extra"]
[Source "ChessBase"]
[SourceDate "2017.06.22"]
[SourceVersion "1"]
[SourceVersionDate "2017.06.22"]
[SourceQuality "1"]

1. e4 c5 2. Nc3 Nc6 3. g3 g6 4. Bg2 Bg7 5. d3 d6 6. f4 f5 7. Nf3 Nf6 8. O-O O-O
9. h3 Kh8 10. Kh2 Be6 11. a3 Qd7 12. Be3 Bg8 13. exf5 gxf5 14. d4 cxd4 15. Nxd4
Na5 16. Rf2 Nc4 17. Bc1 Rac8 18. Qd3 e6 19. b3 e5 20. fxe5 Nxe5 21. Qd2 Ne4 22.
Nxe4 fxe4 23. Bxe4 Ng4+ 24. hxg4 Qxg4 25. Rf4 Rxf4 26. gxf4 Qh4+ 27. Kg1 Re8
28. Bf3 Re1+ 29. Kg2 Rh1 30. Bxb7 Rh2+ 31. Kf3 Rxd2 32. Bxd2 Qh3+ 33. Ke2 Bxd4
34. Rh1 Qf5 35. Kd1 Bd5 36. Bxd5 Qxd5 37. Rh3 Qg2 0-1

[Event "Cordeiropolis Levy Cup 3rd"]
[Site "Cordeiropolis"]
[Date "2017.06.03"]
[Round "3"]
[White "Cubas, Jose Fernando"]
[Black "Osipi, Jair"]
[Result "1-0"]
[WhiteElo "2471"]
[BlackElo "2175"]
[PlyCount "109"]
[EventDate "2017.06.02"]
[EventType "swiss"]
[EventRounds "6"]
[EventCountry "BRA"]
[SourceTitle "CBM 178 Extra"]
[Source "ChessBase"]
[SourceDate "2017.06.22"]
[SourceVersion "1"]
[SourceVersionDate "2017.06.22"]
[SourceQuality "1"]

1. Nf3 Nf6 2. c4 g6 3. g3 Bg7 4. Nc3 c5 5. Bg2 Nc6 6. d4 cxd4 7. Nxd4 O-O 8.
O-O Nxd4 9. Qxd4 d6 10. Bg5 h6 11. Bxf6 Bxf6 12. Qd2 Qa5 13. Rac1 Bg5 14. e3
Rb8 15. Rfd1 Kg7 16. Qc2 Bf5 17. Qb3 a6 18. h4 Bf6 19. Ne4 Be6 20. Nxf6 Kxf6
21. Bd5 Rfc8 22. Bxe6 fxe6 23. e4 Qe5 24. Qf3+ Kg7 25. b3 a5 26. Qg4 Rf8 27.
Rc2 Rf6 28. Qe2 g5 29. Qg4 Rg6 30. Re2 Kh7 31. Kg2 Rbg8 32. Rd3 R8g7 33. h5 Rf6
34. Ree3 Rgf7 35. Rf3 b6 36. a3 Qb2 37. Rxf6 Rxf6 38. Rf3 Kg7 39. Rxf6 Qxf6 40.
f4 Qb2+ 41. Kh3 Qf6 42. Qf3 Kf7 43. Qe3 gxf4 44. gxf4 Qa1 45. Qf3 Qg1 46. e5
dxe5 47. fxe5+ Kg7 48. Qg4+ Qxg4+ 49. Kxg4 Kf7 50. Kf4 Ke8 51. Ke4 Kd7 52. Kd4
Kc6 53. b4 axb4 54. axb4 Kb7 55. b5 1-0

[Event "Cordeiropolis Levy Cup 3rd"]
[Site "Cordeiropolis"]
[Date "2017.06.03"]
[Round "4"]
[White "Matsuura, Everaldo"]
[Black "Cubas, Jose Fernando"]
[Result "0-1"]
[WhiteElo "2462"]
[BlackElo "2471"]
[PlyCount "70"]
[EventDate "2017.06.02"]
[EventType "swiss"]
[EventRounds "6"]
[EventCountry "BRA"]
[SourceTitle "CBM 178 Extra"]
[Source "ChessBase"]
[SourceDate "2017.06.22"]
[SourceVersion "1"]
[SourceVersionDate "2017.06.22"]
[SourceQuality "1"]

1. e4 c5 2. Nf3 d6 3. d4 cxd4 4. Nxd4 Nf6 5. Nc3 a6 6. Be3 e5 7. Nb3 Be6 8. Qd2
Be7 9. O-O-O Nbd7 10. f4 exf4 11. Bxf4 Ne5 12. Kb1 Rc8 13. h3 Qc7 14. Nd4 O-O
15. g4 b5 16. Bd3 Qb7 17. Nf5 Bxf5 18. exf5 b4 19. Ne2 Nc4 20. Qc1 Ne4 21. Bxe4
Qxe4 22. Ng3 Qb7 23. g5 Rfe8 24. f6 Bf8 25. h4 a5 26. h5 a4 27. Rd3 b3 28. g6
fxg6 29. hxg6 hxg6 30. axb3 axb3 31. Rxb3 Qa6 32. Qd1 Rc5 33. Qg4 Ra5 34. c3
Ne3 35. f7+ Kxf7 0-1

[Event "Cordeiropolis Levy Cup 3rd"]
[Site "Cordeiropolis"]
[Date "2017.06.04"]
[Round "5"]
[White "Cubas, Jose Fernando"]
[Black "De Freitas, Jose Renato Silva"]
[Result "1-0"]
[WhiteElo "2471"]
[BlackElo "1984"]
[PlyCount "64"]
[EventDate "2017.06.02"]
[EventType "swiss"]
[EventRounds "6"]
[EventCountry "BRA"]
[SourceTitle "CBM 178 Extra"]
[Source "ChessBase"]
[SourceDate "2017.06.22"]
[SourceVersion "1"]
[SourceVersionDate "2017.06.22"]
[SourceQuality "1"]

1. e4 c5 2. Nf3 e6 3. d4 cxd4 4. Nxd4 Nc6 5. Nc3 Qc7 6. Be3 a6 7. Be2 Nf6 8.
O-O Bb4 9. Na4 Be7 10. Nxc6 bxc6 11. Nb6 Rb8 12. Nxc8 Qxc8 13. e5 Nd5 14. Bc1
Bc5 15. c4 Ne7 16. b3 Qc7 17. Bb2 O-O 18. Kh1 Rbd8 19. Bd3 Ng6 20. Qh5 Be7 21.
Bc3 c5 22. Rae1 d5 23. cxd5 exd5 24. e6 fxe6 25. Rxe6 d4 26. Bd2 Rd6 27. Qe2
Rf6 28. Re4 Rf8 29. Bxa6 Kh8 30. Bd3 Qa7 31. Re6 Rxe6 32. Qxe6 Qxa2 1-0

[Event "Cordeiropolis Levy Cup 3rd"]
[Site "Cordeiropolis"]
[Date "2017.06.04"]
[Round "6"]
[White "Pires, Marcos Vinicius Tor"]
[Black "Cubas, Jose Fernando"]
[Result "0-1"]
[WhiteElo "2323"]
[BlackElo "2471"]
[PlyCount "58"]
[EventDate "2017.06.02"]
[EventType "swiss"]
[EventRounds "6"]
[EventCountry "BRA"]
[SourceTitle "CBM 178 Extra"]
[Source "ChessBase"]
[SourceDate "2017.06.22"]
[SourceVersion "1"]
[SourceVersionDate "2017.06.22"]
[SourceQuality "1"]

1. Nf3 d5 2. d4 Nf6 3. c4 c6 4. e3 Bf5 5. Nc3 e6 6. Be2 Nbd7 7. Nh4 Be4 8. Qb3
Qc7 9. cxd5 exd5 10. Nxe4 Nxe4 11. O-O Bd6 12. g3 O-O 13. Nf5 a5 14. f3 Nef6
15. Qc2 Rfe8 16. Bd3 c5 17. Qg2 Bf8 18. Qh3 Qb6 19. g4 g6 20. g5 Nh5 21. Kg2
cxd4 22. exd4 Rac8 23. Qg4 Nb8 24. b3 Nc6 25. Bd2 Nb4 26. Bb1 Nc2 27. Rc1 gxf5
28. Qxh5 Re2+ 29. Kh1 Rxd2 0-1

[Event "Villa Tehuelches op"]
[Site "Villa Tehuelches"]
[Date "2017.07.11"]
[Round "1"]
[White "Cubas, Jose Fernando"]
[Black "Fernandez, Jorge Daniel"]
[Result "1-0"]
[WhiteElo "2483"]
[BlackElo "2029"]
[PlyCount "67"]
[EventDate "2017.07.11"]
[EventType "swiss"]
[EventRounds "7"]
[EventCountry "CHI"]
[SourceTitle "EXT 2018"]
[Source "ChessBase"]
[SourceDate "2017.10.13"]
[SourceVersion "1"]
[SourceVersionDate "2017.10.13"]
[SourceQuality "1"]

1. e4 g6 2. d4 Bg7 3. Nc3 Nc6 4. Nf3 d6 5. Bc4 Nf6 6. d5 Ne5 7. Nxe5 dxe5 8.
O-O O-O 9. a4 Ne8 10. a5 Nd6 11. Be2 a6 12. Be3 f5 13. f3 f4 14. Bf2 g5 15. Na4
Rf6 16. Nc5 Qe8 17. c4 Rh6 18. Ne6 Bxe6 19. dxe6 g4 20. fxg4 Nxe4 21. Be1 Rd8
22. Qc2 Qc6 23. Bf3 Qc5+ 24. Kh1 Ng5 25. Bxb7 Nxe6 26. b4 Qa7 27. Bd5 Kh8 28.
Bc3 Rd6 29. Bxe6 Rdxe6 30. c5 Qb7 31. Rad1 Rhf6 32. Rd8+ Rf8 33. Rxf8+ Bxf8 34.
Qf5 1-0

[Event "Villa Tehuelches op"]
[Site "Villa Tehuelches"]
[Date "2017.07.11"]
[Round "2"]
[White "Arias, Juan Cruz"]
[Black "Cubas, Jose Fernando"]
[Result "0-1"]
[WhiteElo "2221"]
[BlackElo "2483"]
[PlyCount "112"]
[EventDate "2017.07.11"]
[EventType "swiss"]
[EventRounds "7"]
[EventCountry "CHI"]
[SourceTitle "EXT 2018"]
[Source "ChessBase"]
[SourceDate "2017.10.13"]
[SourceVersion "1"]
[SourceVersionDate "2017.10.13"]
[SourceQuality "1"]

1. d4 Nf6 2. g3 g6 3. Bg2 d5 4. c4 Bg7 5. Nc3 c6 6. cxd5 cxd5 7. Nf3 Nc6 8. O-O
Ne4 9. Qb3 O-O 10. e3 Na5 11. Qb4 Nxc3 12. Qxc3 Bf5 13. Bd2 b6 14. b3 Rc8 15.
Qb4 Nc6 16. Qa4 Qd7 17. Rac1 Bd3 18. Rfd1 Qb7 19. Ng5 Rfd8 20. Be1 Ba6 21. Qa3
e6 22. Qb2 Qe7 23. Nf3 Bf8 24. Rc3 Qa3 25. Qb1 Bb4 26. Rc2 Bxe1 27. Nxe1 Nb4
28. Rb2 Rc3 29. Nc2 Nxc2 30. Rxc2 Rdc8 31. Rxc3 Rxc3 32. Bf1 Bxf1 33. Kxf1 Qa6+
34. Ke1 Qa3 35. Kd2 Rc7 36. Ke2 b5 37. Rd2 b4 38. Rc2 Qa6+ 39. Kd2 Rxc2+ 40.
Qxc2 Qf1 41. f4 h5 42. Qd1 Qf2+ 43. Qe2 Qg1 44. Kd3 Kg7 45. Qd2 a5 46. Kc2 Kf6
47. Kd3 Kf5 48. e4+ dxe4+ 49. Kc4 Qf1+ 50. Kc5 Qd3 51. Qe1 e3 52. g4+ hxg4 53.
Qh4 Kxf4 54. Qg3+ Kg5 55. h4+ Kh5 56. Qb8 Kxh4 0-1

[Event "Villa Tehuelches op"]
[Site "Villa Tehuelches"]
[Date "2017.07.12"]
[Round "3"]
[White "Cubas, Jose Fernando"]
[Black "Abarca Gonzalez, Nicolas"]
[Result "1/2-1/2"]
[WhiteElo "2483"]
[BlackElo "2382"]
[PlyCount "67"]
[EventDate "2017.07.11"]
[EventType "swiss"]
[EventRounds "7"]
[EventCountry "CHI"]
[SourceTitle "EXT 2018"]
[Source "ChessBase"]
[SourceDate "2017.10.13"]
[SourceVersion "1"]
[SourceVersionDate "2017.10.13"]
[SourceQuality "1"]

1. d4 Nf6 2. c4 g6 3. Nc3 Bg7 4. e4 d6 5. Nf3 O-O 6. Be2 e5 7. dxe5 dxe5 8.
Qxd8 Rxd8 9. Nd5 Nxd5 10. cxd5 c6 11. Bc4 cxd5 12. Bxd5 Nc6 13. Bg5 Rd6 14.
O-O-O Be6 15. Bxe6 Rxe6 16. Rd7 b6 17. Rhd1 Nd4 18. Be3 Ree8 19. Rd3 Ne6 20.
Kb1 Nf4 21. Rc3 Nxg2 22. Rcc7 Rec8 23. Rb7 Rcb8 24. Rxf7 Rxb7 25. Rxb7 Rd8 26.
Ng5 Nxe3 27. fxe3 Bh6 28. h4 Bxg5 29. hxg5 Rd1+ 30. Kc2 Rg1 31. Rb8+ Kf7 32.
Rb7+ Kg8 33. Rb8+ Kf7 34. Rb7+ 1/2-1/2

[Event "Villa Tehuelches op"]
[Site "Villa Tehuelches"]
[Date "2017.07.13"]
[Round "4"]
[White "Rodriguez Vila, Andres"]
[Black "Cubas, Jose Fernando"]
[Result "1/2-1/2"]
[WhiteElo "2486"]
[BlackElo "2483"]
[PlyCount "131"]
[EventDate "2017.07.11"]
[EventType "swiss"]
[EventRounds "7"]
[EventCountry "CHI"]
[SourceTitle "EXT 2018"]
[Source "ChessBase"]
[SourceDate "2017.10.13"]
[SourceVersion "1"]
[SourceVersionDate "2017.10.13"]
[SourceQuality "1"]

1. e4 c5 2. Nf3 d6 3. d4 cxd4 4. Nxd4 Nf6 5. Nc3 a6 6. Be3 e5 7. Nf3 h6 8. Bc4
Be6 9. Bxe6 fxe6 10. Nh4 Nc6 11. Ng6 Rg8 12. Qd3 Kf7 13. Nxf8 Rxf8 14. O-O-O
Qa5 15. Qxd6 Rac8 16. Qc5 b5 17. a3 Ng4 18. Rd6 Nb8 19. Qb6 Qxb6 20. Bxb6 Ke7
21. Rd2 Nd7 22. Ba5 Rxf2 23. Bb4+ Ke8 24. Rd6 Ndf6 25. Rxa6 Ne3 26. Ra7 Nxe4
27. Re7+ Kd8 28. Rxg7 Rxc2+ 29. Kb1 Nd2+ 30. Ka2 Nec4 31. Rd1 Rc6 32. Ne4 Rxb2+
33. Ka1 Rxb4 34. Nxd2 Ne3 35. axb4 Nxd1 36. Ne4 Rc2 37. Rg3 Ke7 38. Rd3 Nf2 39.
Rc3 Re2 40. Ng3 Rd2 41. Rc7+ Kd8 42. Rh7 Ng4 43. h3 Rxg2 44. Ne4 Ne3 45. Rxh6
Kd7 46. Nc3 Nc2+ 47. Kb1 Nxb4 48. Nxb5 Nd5 49. h4 e4 50. Nd4 e3 51. Nxe6 Rg1+
52. Kc2 Nb4+ 53. Kb3 Rb1+ 54. Kc4 e2 55. Nc5+ Kc7 56. Rh7+ Kd8 57. Nb7+ Ke8 58.
Nd6+ Kd8 59. Nf7+ Ke7 60. Ng5+ Kf8 61. Nf3 Rf1 62. Rh8+ Ke7 63. Rh7+ Kf6 64.
Rh6+ Kg7 65. Re6 Rxf3 66. Kxb4 1/2-1/2

[Event "Villa Tehuelches op"]
[Site "Villa Tehuelches"]
[Date "2017.07.13"]
[Round "5"]
[White "Cubas, Jose Fernando"]
[Black "Aguilar, Andres"]
[Result "0-1"]
[WhiteElo "2483"]
[BlackElo "2276"]
[PlyCount "90"]
[EventDate "2017.07.11"]
[EventType "swiss"]
[EventRounds "7"]
[EventCountry "CHI"]
[SourceTitle "EXT 2018"]
[Source "ChessBase"]
[SourceDate "2017.10.13"]
[SourceVersion "1"]
[SourceVersionDate "2017.10.13"]
[SourceQuality "1"]

1. d4 Nf6 2. c4 g6 3. Nc3 Bg7 4. e4 d6 5. Nf3 O-O 6. Be2 Na6 7. O-O e5 8. Re1
Qe8 9. Bf1 Bg4 10. d5 Nb4 11. Be2 a5 12. Bg5 Na6 13. h3 Bd7 14. Qd2 Kh8 15. Nh2
Ng8 16. Be3 b6 17. Rab1 Nc5 18. b3 f5 19. exf5 gxf5 20. f4 Qg6 21. Kh1 Nf6 22.
Bf3 Rae8 23. a3 Nfe4 24. Bxe4 fxe4 25. fxe5 Bxe5 26. Bd4 Nd3 27. Bxe5+ Rxe5 28.
Rf1 Rg8 29. Nd1 e3 30. Nxe3 Rxe3 31. Ng4 Re7 32. Nh6 Rge8 33. Kh2 Bxh3 34. Qc3+
Ne5 35. Qxh3 Qxh6 36. Qxh6 Ng4+ 37. Kh1 Nxh6 38. b4 axb4 39. axb4 Re4 40. c5
bxc5 41. bxc5 dxc5 42. Rb7 R8e7 43. Rc1 Ng4 44. g3 Re2 45. Rg1 R7e3 0-1

[Event "Villa Tehuelches op"]
[Site "Villa Tehuelches"]
[Date "2017.07.14"]
[Round "6"]
[White "Arias, Juan Carlos"]
[Black "Cubas, Jose Fernando"]
[Result "1/2-1/2"]
[WhiteElo "2099"]
[BlackElo "2483"]
[PlyCount "100"]
[EventDate "2017.07.11"]
[EventType "swiss"]
[EventRounds "7"]
[EventCountry "CHI"]
[SourceTitle "EXT 2018"]
[Source "ChessBase"]
[SourceDate "2017.10.13"]
[SourceVersion "1"]
[SourceVersionDate "2017.10.13"]
[SourceQuality "1"]

1. Nf3 Nf6 2. c4 g6 3. g3 Bg7 4. Bg2 O-O 5. O-O d6 6. Nc3 e5 7. d3 h6 8. Rb1
Nc6 9. b4 a6 10. a4 Be6 11. b5 axb5 12. axb5 Ne7 13. Bb2 Qc8 14. Re1 Bh3 15.
Bh1 Ng4 16. Ra1 Rb8 17. e4 f5 18. Bg2 Bxg2 19. Kxg2 g5 20. Rf1 Qe6 21. h3 Nf6
22. Nd5 Nexd5 23. cxd5 Qd7 24. Qa4 Rf7 25. b6 cxb6 26. Qxd7 Nxd7 27. Nd2 Nc5
28. exf5 Nxd3 29. Ba3 e4 30. Rab1 Re8 31. Nc4 Bf8 32. g4 Nf4+ 33. Kh2 Rc7 34.
Ne3 Ra8 35. Bb2 Ra4 36. Bf6 Rc5 37. Rxb6 Nxd5 38. Nxd5 Rxd5 39. Rxb7 Rd2 40.
Rc1 Rxf2+ 41. Kg1 Rfa2 42. Rcc7 Ra1+ 43. Bxa1 Rxa1+ 44. Kf2 Ra8 45. Ke3 d5 46.
Kd4 Re8 47. f6 Re6 48. f7+ Kg7 49. Kxd5 Rf6 50. Kxe4 Rf4+ 1/2-1/2

[Event "Villa Tehuelches op"]
[Site "Villa Tehuelches"]
[Date "2017.07.14"]
[Round "7"]
[White "Cubas, Jose Fernando"]
[Black "Munoz, Raul"]
[Result "1-0"]
[WhiteElo "2483"]
[BlackElo "1981"]
[PlyCount "73"]
[EventDate "2017.07.11"]
[EventType "swiss"]
[EventRounds "7"]
[EventCountry "CHI"]
[SourceTitle "EXT 2018"]
[Source "ChessBase"]
[SourceDate "2017.10.13"]
[SourceVersion "1"]
[SourceVersionDate "2017.10.13"]
[SourceQuality "1"]

1. e4 c5 2. Nc3 e6 3. Nge2 d6 4. d4 cxd4 5. Nxd4 Nf6 6. Be2 Be7 7. O-O O-O 8.
a4 a6 9. f4 Qc7 10. Kh1 Nc6 11. Be3 Bd7 12. Nb3 b6 13. Qe1 Bc8 14. Qg3 Re8 15.
f5 Kh8 16. fxe6 fxe6 17. Rad1 Bd7 18. Qf2 Reb8 19. h3 Ne5 20. Nd4 Nc4 21. Bxc4
Qxc4 22. e5 Nd5 23. Nxd5 exd5 24. e6 Rf8 25. Qg1 Rxf1 26. Rxf1 Be8 27. Bg5 Bb5
28. Nxb5 Bxg5 29. Nxd6 Qh4 30. Qxb6 h6 31. Qb7 Rg8 32. Qxd5 Be7 33. Nf7+ Kh7
34. Qd3+ g6 35. Ne5 Qg5 36. Nc6 Bf6 37. Qxa6 1-0

[Event "Cuiaba Contaud op"]
[Site "Cuiaba"]
[Date "2017.07.28"]
[Round "1"]
[White "Cubas, Jose Fernando"]
[Black "Federzoni, Enzo"]
[Result "1-0"]
[WhiteElo "2483"]
[BlackElo "1908"]
[PlyCount "79"]
[EventDate "2017.07.28"]
[EventType "swiss"]
[EventRounds "6"]
[EventCountry "BRA"]
[SourceTitle "EXT 2018"]
[Source "ChessBase"]
[SourceDate "2017.10.13"]
[SourceVersion "1"]
[SourceVersionDate "2017.10.13"]
[SourceQuality "1"]

1. e4 c5 2. Nf3 e6 3. d4 cxd4 4. Nxd4 Nf6 5. Nc3 d6 6. Be2 Be7 7. O-O O-O 8. f4
Nc6 9. Kh1 a6 10. a4 Qc7 11. a5 Nxd4 12. Qxd4 Nd7 13. Be3 Bf6 14. Qb4 Bxc3 15.
bxc3 Nf6 16. Bf3 Bd7 17. Bb6 Qb8 18. Rad1 Bc6 19. Rxd6 Bxe4 20. c4 Qc8 21. Rfd1
Bxf3 22. gxf3 Re8 23. Kg2 h6 24. Rd8 Qc6 25. R1d6 Nd5 26. Qb3 Nxf4+ 27. Kf2
Raxd8 28. Rxc6 Rd2+ 29. Ke3 Re2+ 30. Kxf4 e5+ 31. Kg3 bxc6 32. Qd3 Re1 33. Bf2
Rb1 34. c5 Re6 35. Qxa6 Rg6+ 36. Kh3 Rb4 37. Bg3 h5 38. Qb6 Rc4 39. a6 h4 40.
Bxe5 1-0

[Event "Cuiaba Contaud op"]
[Site "Cuiaba"]
[Date "2017.07.28"]
[Round "2"]
[White "Fajardo Freire, Joao Alfredo Castel"]
[Black "Cubas, Jose Fernando"]
[Result "1-0"]
[WhiteElo "2120"]
[BlackElo "2483"]
[PlyCount "87"]
[EventDate "2017.07.28"]
[EventType "swiss"]
[EventRounds "6"]
[EventCountry "BRA"]
[SourceTitle "EXT 2018"]
[Source "ChessBase"]
[SourceDate "2017.10.13"]
[SourceVersion "1"]
[SourceVersionDate "2017.10.13"]
[SourceQuality "1"]

1. e4 c5 2. Nf3 d6 3. Bb5+ Bd7 4. Bxd7+ Qxd7 5. c4 Nc6 6. d4 cxd4 7. Nxd4 g6 8.
Nc3 Bg7 9. Be3 Nf6 10. f3 O-O 11. b3 Rac8 12. Qd3 Rfd8 13. O-O e6 14. Rac1 Ne5
15. Qe2 d5 16. cxd5 exd5 17. f4 Nc6 18. e5 Ng4 19. Kh1 Nxe3 20. Qxe3 a6 21. h3
Ne7 22. Na4 Nf5 23. Qd3 Nxd4 24. Qxd4 Rc6 25. Rfd1 h5 26. Rxc6 bxc6 27. Nc5 Qf5
28. Ne4 Ra8 29. Nd6 Qc2 30. Rd2 Qc1+ 31. Kh2 Rf8 32. Qd3 h4 33. Rf2 Qc5 34. Qc2
Qd4 35. Rf3 Bxe5 36. fxe5 Qxe5+ 37. Kh1 Qe1+ 38. Kh2 Qe5+ 39. Kh1 Qxd6 40. Qf2
Qe5 41. Qxh4 Qa1+ 42. Kh2 Qxa2 43. Rf4 Qxb3 44. Rg4 1-0

[Event "Cuiaba Contaud op"]
[Site "Cuiaba"]
[Date "2017.07.29"]
[Round "3"]
[White "Cubas, Jose Fernando"]
[Black "Proudian, Armen"]
[Result "1/2-1/2"]
[WhiteElo "2483"]
[BlackElo "2434"]
[PlyCount "70"]
[EventDate "2017.07.28"]
[EventType "swiss"]
[EventRounds "6"]
[EventCountry "BRA"]
[SourceTitle "EXT 2018"]
[Source "ChessBase"]
[SourceDate "2017.10.13"]
[SourceVersion "1"]
[SourceVersionDate "2017.10.13"]
[SourceQuality "1"]

1. e4 e5 2. Nf3 Nc6 3. Bb5 a6 4. Ba4 Nge7 5. c3 g6 6. d4 exd4 7. cxd4 b5 8. Bb3
Bg7 9. d5 Na5 10. Bd2 c5 11. Bc3 O-O 12. d6 Nec6 13. Bd5 Bb7 14. O-O Nb4 15.
Bxb7 Nxb7 16. Bxg7 Kxg7 17. Nc3 c4 18. a4 Nd3 19. Ne1 Nbc5 20. b4 Nxe1 21. bxc5
Nd3 22. axb5 axb5 23. Nxb5 Qg5 24. Nc7 Rab8 25. Nd5 Rb2 26. Qa4 Ne5 27. Qa3 Rb3
28. Qc1 Nf3+ 29. Kh1 Qh4 30. Qf4 Qxf4 31. Nxf4 Nd2 32. Rfc1 Nxe4 33. Rxc4 Ra8
34. Re1 Nxf2+ 35. Kg1 Ng4 {IlegÃ­vel.} 1/2-1/2

[Event "Cuiaba Contaud op"]
[Site "Cuiaba"]
[Date "2017.07.29"]
[Round "4"]
[White "Leite, Coraci de Jesus"]
[Black "Cubas, Jose Fernando"]
[Result "0-1"]
[WhiteElo "1787"]
[BlackElo "2483"]
[PlyCount "65"]
[EventDate "2017.07.28"]
[EventType "swiss"]
[EventRounds "6"]
[EventCountry "BRA"]
[SourceTitle "EXT 2018"]
[Source "ChessBase"]
[SourceDate "2017.10.13"]
[SourceVersion "1"]
[SourceVersionDate "2017.10.13"]
[SourceQuality "1"]

1. e4 c5 2. f4 d5 3. e5 Nc6 4. Nf3 Bf5 5. c3 e6 6. d3 h6 7. Be3 Be7 8. Be2 g5
9. Bc1 g4 10. Nfd2 h5 11. Nf1 Nh6 12. Ng3 Bg6 13. Be3 Rg8 14. Na3 Qd7 15. Nc2
O-O-O 16. Bf2 d4 17. c4 h4 18. Nf1 f6 19. exf6 Bxf6 20. g3 e5 21. fxe5 Nxe5 22.
Qd2 Bxd3 23. O-O-O Bg5 24. Nfe3 Nf5 25. Bxd3 Nxd3+ 26. Qxd3 dxe3 27. Qe2 Nd4
28. Nxd4 cxd4 29. Bxe3 Bxe3+ 30. Kb1 Kb8 31. Rd3 Qh7 32. Rhd1 Rdf8 33. Rh1 0-1

[Event "Cuiaba Contaud op"]
[Site "Cuiaba"]
[Date "2017.07.30"]
[Round "5"]
[White "Cubas, Jose Fernando"]
[Black "Guimaraes, Wagner Peixoto"]
[Result "1-0"]
[WhiteElo "2483"]
[BlackElo "2196"]
[PlyCount "63"]
[EventDate "2017.07.28"]
[EventType "swiss"]
[EventRounds "6"]
[EventCountry "BRA"]
[SourceTitle "EXT 2018"]
[Source "ChessBase"]
[SourceDate "2017.10.13"]
[SourceVersion "1"]
[SourceVersionDate "2017.10.13"]
[SourceQuality "1"]

1. Nf3 Nf6 2. g3 e6 3. Bg2 d5 4. O-O Be7 5. c4 dxc4 6. Qa4+ Bd7 7. Qxc4 Bc6 8.
d3 O-O 9. e4 Nbd7 10. Bf4 Nb6 11. Qc2 a5 12. Nc3 a4 13. a3 Nh5 14. Be3 f5 15.
Nd4 Bd7 16. f4 Bc8 17. Rac1 Nf6 18. Kh1 c6 19. Nf3 fxe4 20. dxe4 Nc4 21. Bg1 b5
22. Nd1 Bb7 23. Ng5 c5 24. Nxe6 Qd7 25. Nxf8 Bxf8 26. Ne3 Nxe3 27. Bxe3 Re8 28.
Bxc5 Ng4 29. Bf3 Bxc5 30. Qxc5 Rd8 31. Bxg4 Qxg4 32. Qc7 1-0

[Event "Cuiaba Contaud op"]
[Site "Cuiaba"]
[Date "2017.07.30"]
[Round "6"]
[White "Utiyama, Marcel Heimar Ribei"]
[Black "Cubas, Jose Fernando"]
[Result "1/2-1/2"]
[WhiteElo "2209"]
[BlackElo "2483"]
[PlyCount "49"]
[EventDate "2017.07.28"]
[EventType "swiss"]
[EventRounds "6"]
[EventCountry "BRA"]
[SourceTitle "EXT 2018"]
[Source "ChessBase"]
[SourceDate "2017.10.13"]
[SourceVersion "1"]
[SourceVersionDate "2017.10.13"]
[SourceQuality "1"]

1. e4 c5 2. Nf3 Nc6 3. d4 cxd4 4. Nxd4 e5 5. Nb5 d6 6. c4 Be7 7. N1c3 a6 8. Na3
f5 9. exf5 Bxf5 10. Bd3 Be6 11. Qh5+ Bf7 12. Qh3 Nf6 13. Nc2 Qc8 14. Qxc8+ Rxc8
15. O-O O-O 16. b3 Rfe8 17. Be3 Bf8 18. f3 d5 19. Nxd5 Nxd5 20. cxd5 Bxd5 21.
Rfd1 e4 22. fxe4 Bxe4 23. Bxe4 Rxe4 24. Re1 Nd4 25. Nxd4 1/2-1/2

[Event "Balears-ch Seniors 50+"]
[Site "Palma de Mallorca"]
[Date "2017.09.01"]
[Round "1"]
[White "Cubas Pons, Juan Miguel"]
[Black "Abrines Sampol, Lorenzo"]
[Result "1-0"]
[WhiteElo "2176"]
[BlackElo "1689"]
[PlyCount "41"]
[EventDate "2017.09.01"]
[EventType "swiss"]
[EventRounds "5"]
[EventCountry "ESP"]
[SourceTitle "CBM 180 Extra"]
[Source "ChessBase"]
[SourceDate "2017.10.06"]
[SourceVersion "1"]
[SourceVersionDate "2017.10.06"]
[SourceQuality "1"]

1. e4 c6 2. d4 d5 3. Nc3 dxe4 4. Nxe4 Nf6 5. Nxf6+ gxf6 6. Be3 Bf5 7. Nf3 e6 8.
g3 Nd7 9. Bg2 Nb6 10. O-O Nc4 11. Bc1 h5 12. Qe2 Bxc2 13. Qxc2 Nd6 14. Re1 Be7
15. Nh4 Qd7 16. Bf4 O-O-O 17. d5 e5 18. dxc6 bxc6 19. Bxc6 Qc7 20. Rec1 Kb8 21.
Be3 1-0